000 00923nam a22002291a 4500
003 OSt
005 20150408114037.0
008 120522s2008 ua ||||g b 00| 0 ara d
020 _a9789774560637
040 _aعمادة شؤون المكتبات في جامعة المجمعة
082 0 4 _221
_a155.413
_b155.413 ك ا ع
100 1 _aعبد المعطي، عبد الله محمد
_914679
245 1 0 _aكيف تصنع طفلا مبدعا في عام /
_cعبد الله محمد عبد المعطي.
250 _aط. 1.
260 _aالقاهرة :
_bدار الأندلس الجديدة للنشر والتوزيع،
_c2008
300 _a239 ص. ؛
_c24 سم.
504 _aببليوجرافية : ص. 223-236
650 7 _2aucsh
_aالإبداع عند الأطفال
_912727
650 7 _2aucsh
_aتربية الأطفال
650 7 _2aucsh
_aالأطفال الموهوبون
_913019
942 _2ddc
_cBOOK
999 _c23511
_d258011